00226nam a2200085Ia 4500001000800000005001700008008004100025245005000066260002400116125028120251031150853.0251031s9999 xx 000 0 und d 0cBAHADIR YENİŞEHİROĞLUaA-5 HÜNKARIM bTİMAŞ YAYINLARI